MARC
| LEADER | 00000cam a2200000 7i4500 | ||
|---|---|---|---|
| 001 | 0000166370 | ||
| 005 | 20121002.0 | ||
| 020 | |a 9780749956318 | ||
| 090 | 0 | 0 | |a F |b KEN |
| 100 | 1 | |a Kenyon, Sherrilyn | |
| 245 | 1 | 0 | |a Dark side of the moon |c Sherrilyn Kenyon |
| 260 | |a London : |b Piatkus , |c 2006 | ||
| 300 | |a 322p. ; |c 20cm. | ||
| 650 | 0 | 0 | |a Fiction |
| 999 | |a 00263283 |b BUKU |c PINJAMAN |e PERPUSTAKAAN KOMUNITI PETALING JAYA | ||